| 000 | 03809nam a22003377a 4500 | ||
|---|---|---|---|
| 001 | TIC 0030 | ||
| 003 | gtcocun | ||
| 005 | 20250922182641.0 | ||
| 006 | a||||gr|||| 00| 0 | ||
| 007 | ta | ||
| 008 | 250922b2023 gt ||||| m||| 00| 0 eng d | ||
| 040 |
_agtcocun _bSPA _cgtcocun _eRDA |
||
| 041 | _aSPA TIC 0030 | ||
| 084 | _0TIC 0030 | ||
| 100 |
_aLópez Lem, Jhonny Francis Yonathan _eAutor |
||
| 245 |
_aINFORME FINAL DEL EJERCICIO PROFESIONAL SUPERVISADO, DISEÑO Y PLANIFICACIÓN DEL SISTEMA DE AGUA POTABLE ALDEA CHIYUC Y CAMINO RURAL CASERÍO AGUA BLANCA SANTA MARÍA, DEL MUNICIPIO DE SAN CRISTÓBAL VERAPAZ, ALTA VERAPAZ./ _cJhonny Francis Yonathan López Lem. _hImpreso |
||
| 264 |
_aCobán, Alta Verapaz: _bUniversidad de San Carlos de Guatemala, Centro Universitario del Norte, Ingeniería Civil _c2023 |
||
| 300 |
_a293 p.: _bIlustraciones, gráficas. _c28 cm; |
||
| 300 | _cPDF | ||
| 336 |
_2rdacontenido _aTexto _btxt |
||
| 337 |
_2rdamedio _aComputadora _bn |
||
| 338 |
_2rdasoporte _aCódigo en línea _bcr |
||
| 502 | _eTIC 0030 | ||
| 502 |
_aTesis de grado _bIngeniería Civil, _cUniversidad de San Carlos de Guatemala, Centro Universitario del Norte, Ingeniería Civil _d2023 _oTIC 0030 |
||
| 520 | 1 | 4 | _aEl informe final del Ejercicio Profesional Supervisado (EPS) se basa en la recopilación de datos e información para brindar soluciones a diversas necesidades identificadas en algunas comunidades del municipio de San Cristóbal Verapaz, para así poder contribuir con mejorar la economía, calidad de vida y acceso a servicios básicos de la población. Para dar respuesta a algunas de las necesidades encontradas, se planificaron y diseñaron dos proyectos de infraestructura, uno de ellos tuvo como prioridad cubrir la demanda de agua potable, a través de un proyecto que consistió en la construcción del sistema de agua potable para la Aldea Chiyuc, mientras que el otro proyecto consistió en proporcionar un ingreso vehicular mediante la introducción de un camino rural en el Caserío Agua Blanca Santa María, con estos proyectos se priorizá dar solución de manera inmediata a las necesidades sentidas en estas zonas del municipio de San Cristóbal Verapaz. Durante el proceso del EPS, se llevaron a cabo estudios de suelos para las cimentaciones, análisis físico-químicos y bacteriológicos del agua en el estudio sanitario; levantamientos topográficos para comprender las características del terreno, además se consideraron las medidas, cálculos detallados basados en manuales, como también en guías normadas y planos que describen el diseño final. Además, se incluyeron especificaciones técnicas generales que cumplen con los parámetros de las normas establecidas. Asimismo, se elaboró un manual de administración, operación y mantenimiento que detalla los pasos necesarios para preservar la integridad de las obras de arte de infraestructura. En la parte financiera, se desarrollaron cronogramas físicos y financieros para establecer los tiempos de ejecución de cada trabajo, así como el monto de la inversión necesaria. Ambos proyectos se enfocaron en lograr la funcionalidad y calidad requerida en un proyecto de ingeniería. Estas soluciones no solo atienden necesidades inmediatas, sino que también se considera su impacto en el desarrollo de la comunidad, al tomar en cuenta los problemas existentes en el área. |
| 650 | 1 | 4 |
_2LEMB _aSan Cristóbal Verapaz, Alta Verapaz. _xIngeniería _xDiseño _xConstrucción _xDesarrollo _xInfrastructura _xFuncionalidad |
| 700 |
_aIng. Civil. Sindry Yaneth Pacay Morales _eAsesor |
||
| 856 |
_uhttps://drive.google.com/file/d/1hSEDvlZ7MlKJ2wmwHsZS-ZiZGM67kFkk/view _yPDF _zUn ejemplar en línea. |
||
| 942 |
_2ddc _cTES _iTIC 0030 _kClasificación _n0 _6TIC_0030_000000000000000 |
||
| 999 |
_c2058 _d2058 |
||